000 00332nam a2200145Ia 4500
100 _aZeines/Ben
650 _aElectrical Engineering
942 _cBK
654 _aApplid Electronic
245 _aPrinciples of Applid Electronic
260 _bJohn wiley
_aNew York
_c1963
082 _a621.3
300 _a425
546 _aENGLISH
999 _c30991
_d30991